| Tag |
First Indicator |
Second Indicator |
Subfields |
| LEADER |
00000cas a2200000 a 4500 |
| 001 |
in00001340021 |
| 005 |
20151006051539.0 |
| 008 |
970115c19979999enkuu 0 0eng d |
| 035 |
|
|
|a (OCoLC)36212067
|
| 035 |
|
|
|9 AHF5580AM
|
| 040 |
|
|
|a JBL
|c JBL
|d UtOrBLW
|
| 043 |
|
|
|a f-sa---
|
| 049 |
|
|
|a TXAM
|
| 090 |
|
|
|a DT1717
|b .S68
|
| 092 |
0 |
|
|a 916.804
|2 21
|
| 245 |
0 |
0 |
|a South Africa handbook.
|
| 264 |
|
1 |
|a Bath, England :
|b Footprint Handbooks Ltd. ;
|c 1996-
|
| 264 |
|
2 |
|a Lincolnwood, Ill. :
|b Distributed in the US by Passport Books,
|
| 300 |
|
|
|a volumes :
|b illustrations, maps ;
|c 19 cm.
|
| 336 |
|
|
|a text
|b txt
|2 rdacontent
|
| 337 |
|
|
|a unmediated
|b n
|2 rdamedia
|
| 338 |
|
|
|a volume
|b nc
|2 rdacarrier
|
| 362 |
0 |
|
|a 1st ed. (1997)-
|
| 651 |
|
0 |
|a South Africa
|v Guidebooks.
|
| 999 |
|
|
|a MARS
|
| 999 |
f |
f |
|s 5503a30d-3ead-3aba-9519-a0f851e57945
|i 12180737-ee8d-342e-8560-b3e967ff8414
|t 0
|
| 952 |
f |
f |
|p ric
|a Texas A&M University
|b Rellis Campus
|c Joint Library Facility
|d Remote Storage
|t 0
|e DT1717 .S68
|h Library of Congress classification
|i unmediated -- volume
|k 1st ed.
|l 1997
|m A14821067763
|
| 998 |
f |
f |
|a DT1717 .S68
|s 1st ed. (1997)
|t 0
|l Remote Storage
|